Role Strain, Work and Family Conflict, Communication Patterns and Marital Satisfaction among Dual-Earner Couples in Pakistan (Record no. 332478)

000 -LEADER
fixed length control field 00584nam a22001697a 4500
003 - CONTROL NUMBER IDENTIFIER
control field NUST
005 - DATE AND TIME OF LATEST TRANSACTION
control field 20230218164819.0
008 - FIXED-LENGTH DATA ELEMENTS--GENERAL INFORMATION
fixed length control field 171208b xxu||||| |||| 00| 0 eng d
040 ## - CATALOGING SOURCE
Transcribing agency 0
082 ## - DEWEY DECIMAL CLASSIFICATION NUMBER
Classification number 616.89
100 ## - MAIN ENTRY--PERSONAL NAME
Relator code Tayyaba Mehboob
245 ## - TITLE STATEMENT
Title Role Strain, Work and Family Conflict, Communication Patterns and Marital Satisfaction among Dual-Earner Couples in Pakistan<br/>
Statement of responsibility, etc. Tayyaba Mehboob
260 ## - PUBLICATION, DISTRIBUTION, ETC.
Place of publication, distribution, etc. Islamabad
Name of publisher, distributor, etc. National University of Sciences and Technology
Date of publication, distribution, etc. 2017
300 ## - PHYSICAL DESCRIPTION
Extent 105p
856 ## - ELECTRONIC LOCATION AND ACCESS
Uniform Resource Identifier <a href="http://10.250.8.41:8080/xmlui/handle/123456789/6845">http://10.250.8.41:8080/xmlui/handle/123456789/6845</a>
942 ## - ADDED ENTRY ELEMENTS (KOHA)
Source of classification or shelving scheme
Koha item type Thesis
Holdings
Withdrawn status Lost status Source of classification or shelving scheme Damaged status Not for loan Permanent Location Current Location Shelving location Date acquired Full call number Barcode Date last seen Price effective from Koha item type
          Central Library (CL) Central Library (CL) Thesis 02/08/2020 616.89 CL-T-5010 02/14/2022 02/08/2020 Thesis
© 2023 Central Library, National University of Sciences and Technology. All Rights Reserved.